| 000 | 00000cas 2200000zi 4500 |
| 001 | 9.915571 |
| 003 | CaOODSP |
| 005 | 20260504135811 |
| 006 | m o d f |
| 007 | cr ||||||||||| |
| 008 | 220921c20199999oncmr p o f0###a0eng|d |
| 022 | |a2816-9360 |
| 040 | |aCaOODSP|beng|erda|cCaOODSP |
| 043 | |an-cn--- |
| 086 | 1 |aCP12-4E-PDF |
| 222 | 0|aContinuous qualitative data collection of Canadians' views ... |
| 245 | 00|aContinuous qualitative data collection of Canadians' views ... : |bfinal report. |
| 264 | 1|aOttawa : |bGovernment of Canada = Gouvernement du Canada, |c[2019]- |
| 310 | |aMonthly |
| 336 | |atext|btxt|2rdacontent |
| 337 | |acomputer|bc|2rdamedia |
| 338 | |aonline resource|bcr|2rdacarrier |
| 362 | 1 |aBegan with July 2019. |
| 500 | |aIssued also in French under title: Collecte continue de données qualitatives sur les opinions des canadiens : rapport final. |
| 500 | |a"Supplier name : the Strategic Counsel." |
| 500 | |a"Registration number: POR-005-19." |
| 500 | |a"Contract number: 35035-182346/001/CY." |
| 500 | |aIncludes final reports and executive summaries. |
| 546 | |aText chiefly in English; includes some text in French. |
| 550 | |aPrepared for the Privy Council Office by The Strategic Counsel. |
| 588 | |aDescription based on: July 2019. |
| 588 | |aLatest issue consulted: July & August 2021. |
| 650 | 0|aPublic opinion polls|zCanada|vPeriodicals. |
| 655 | 7|aPeriodicals|2lcgft |
| 710 | 1 |aCanada. |bPrivy Council Office, |eissuing body. |
| 710 | 2 |aStrategic Counsel (Firm), |econsultant. |
| 775 | 08|tCollecte continue de données qualitatives sur les opinions des Canadiens ... : |w(CaOODSP)9.915570 |